000 00475cam a22001814a 4500
020 _a0130084611
020 _a0131912070
040 _cDLC
082 0 0 _a338 PEA 2005 A068 Or.
100 1 _aPindyck, Robert S
245 1 0 _aMicroeconomics /
250 _a6th ed
260 _aUpper Saddle River, N.J. :
_bPearson Prentice Hall,
_cc2005
300 _axxix, 720 p. :
_bill. (some col.) ;
_c27 cm
650 0 _aMicroeconomics
700 1 _aRubinfeld, Daniel L
942 _cEK
999 _c15025
_d15025